Constitución y leyes políticas de la República de Chile

Uloženo v:
Podrobná bibliografie
Médium: Kniha
Jazyk:španělština
Vydáno: Santiago Imprenta Gutenberg 1881
Témata:
Tagy: Přidat tag
Žádné tagy, Buďte první, kdo vytvoří štítek k tomuto záznamu!

MARC

LEADER 00000nam a2200000 a 4500
001 UCR4376
003 CL-VaPUC
008 980307e18810000CL |||||||||||||||||spa|d
082 0 4 |a 342.83  |b CON  |2 21 
245 1 0 |a Constitución y leyes políticas de la República de Chile 
300 |a 326 p 
942 |c BK 
945 |d 19980307 00:00:00  |a aolguin 
260 |a Santiago  |b Imprenta Gutenberg  |c 1881 
650 0 |a Constitución política  |9 336925 
650 0 |a Historia política  |9 256974 
650 0 |a Poder político  |9 255509 
651 7 |a CHILE  |2 CL-VaPUC  |9 404374 
583 |a last modification  |c 20131001 02:31:12  |k Rodrigo Vera 
999 |c 267319  |d 267317 
952 |0 0  |1 0  |4 0  |6 342_830000000000000_CON_1881  |7 0  |8 DER_HDC  |9 299592  |a BIBDER  |b BIBDER  |d 2019-11-20  |i 195279K  |l 1  |o 342.83 CON 1881  |p 195279K  |r 2023-01-25  |s 2020-03-19  |w 2019-11-20  |x Ubicación 4to Piso  |y BK_X  |z Estos recursos deben solicitarse con anticipación  |k DER